000 01480nam a2200409 a 4500
001 22235
003 VRT
005 20260323142134.0
008 251031s2005 xo g 000 f slo
015 _aSNBA2005/09-03324
020 _a8055108501
_q(viaz.)
035 _a2113539C-6657-4872-849A-B9E17DD4229B
035 _aurn:nbn:sk:snk-aml5lz
035 _aurn:nbn:sk:snk-am008vlx
039 9 _a202510310909
_bVLOAD
_c202401231613
_dVLOAD
_c202202022210
_dmsnk134
_c202105261935
_dAUTHORITY
040 _aSNK
_bslo
_cSNK
_eAACR2
041 1 _aslo
_heng
044 _axo
_cSK
072 7 _a821.111-3
_xAnglická próza, anglicky písaná
_2konspekt
080 _a821.111-31
_2MDT-MRF
100 1 _aMaugham, William Somerset,
_d1874-1965
_4aut
240 1 4 _aThe painted veil
_lSlovensky
245 1 0 _aMaľovaný závoj
_cWilliam Somerset Maugham; [z anglického originálu preložil a doslov napísal Viktor Krupa]
250 _a[1. vyd.]
260 _aBratislava
_bIkar
_c2005
300 _a199 s.
_c21 cm
490 1 _aOdeon
_v21. zv.
655 7 _aanglické romány
_2SNKPH
700 1 _aKrupa, Viktor,
_d1936-2021
_4trl
_4aft
830 0 _aOdeon
942 _2ddc
_cKLDO
_n0
949 _617A0468019
_asnkSC 118055
_bsnk2005/7600
_o794/05
_s6100:20151208
949 _617A0471850
_asnkSC 118055 D1
_bsnk2005/9309
_o794/05
949 _62889097646
_asavukM 104682
949 _6273K0490444
_91
_asvkpoA 192362
_bsvkpo480094
949 _6270001000267578
_asvkbbA 112119
_bsvkbbm 662516
999 _c22235
_d22235